Những tiên tri thiên tài của Bác Hồ
Giới thiệu 05 tiên tri dự đoán về tương lai đất nước, thế giới của Bác
Bewaard in:
| Formaat: | Boek |
|---|---|
| Taal: | Undetermined |
| Gepubliceerd in: |
Nghệ An
Nxb. Nghệ An
2005
|
| Onderwerpen: | |
| Tags: |
Voeg label toe
Geen labels, Wees de eerste die dit record labelt!
|
| Thư viện lưu trữ: | Trung tâm Học liệu Trường Đại học Cần Thơ |
|---|
| LEADER | 00661nam a2200193Ia 4500 | ||
|---|---|---|---|
| 001 | CTU_224033 | ||
| 008 | 210402s9999 xx 000 0 und d | ||
| 020 | |c 10000 | ||
| 082 | |a 133.3092 | ||
| 082 | |b Nh556 | ||
| 245 | 0 | |a Những tiên tri thiên tài của Bác Hồ | |
| 245 | 0 | |c Trung Hiền (Biên soạn) | |
| 260 | |a Nghệ An | ||
| 260 | |b Nxb. Nghệ An | ||
| 260 | |c 2005 | ||
| 520 | |a Giới thiệu 05 tiên tri dự đoán về tương lai đất nước, thế giới của Bác | ||
| 650 | |a Divination,Thuật bói toán | ||
| 910 | |b dqhieu | ||
| 980 | |a Trung tâm Học liệu Trường Đại học Cần Thơ | ||